000 00403nam a2200157Ia 4500
005 20250320083241.0
008 231217s9999 xx 000 0 und d
020 _a9788131417034
082 _a808.87 KHA;1 R
100 _aKhadpekar, Nirmala Rao ed.
245 0 _aHumour as a strategy
260 _c2008
_bICFAI Press
_aHyderabad
300 _aviii+183
650 _aHumour,strategy
942 _cAA
999 _c183690
_d183690